Nguyên lý marketing

Enregistré dans:
Détails bibliographiques
Auteur principal: Nguyễn Đình Thọ
Format: Livre
Langue:Undetermined
Publié: Tp. HCM ĐHQG 2003
Sujets:
Tags: Ajouter un tag
Pas de tags, Soyez le premier à ajouter un tag!
Thư viện lưu trữ: Trung tâm Học liệu Trường Đại học Cần Thơ
LEADER 00545nam a2200205Ia 4500
001 CTU_59826
008 210402s9999 xx 000 0 und d
020 |b 30000 
082 |a 658.8 
082 |b Th400 
100 |a Nguyễn Đình Thọ 
245 0 |a Nguyên lý marketing 
245 0 |c Nguyễn Đình Thọ và Nguyễn Thị Mai Trang 
260 |a Tp. HCM 
260 |b ĐHQG 
260 |c 2003 
650 |a marketing 
650 |x management 
904 |i Minh 
980 |a Trung tâm Học liệu Trường Đại học Cần Thơ